Discurso ideológico e identidad dominicana. / (Registro nro. 14453)

Detalles MARC
000 -LIDER
fixed length control field 01124nam a2200277 a 4500
001 - NÚMERO DE CONTROL
Identificador de número de control 000046489
003 - IDENTIFICACDOR DE NÚMERO DE CONTROL
control field DO-SdBNP
005 - DATE AND TIME OF LATEST TRANSACTION
control field 20230726113908.0
008 - ELEMENTOS DE LONGITUD FIJA
fixed length control field 150819s2015 dr r 000 0 spa d
020 ## - ISBN
International Standard Book Number 9789945166835
040 ## - FUENTE DE CATALOGACIÓN
Agencia que crea de manera original el registro DO-SdBNP
Idioma de catalogación spa
Agencia que realiza la transcripción BPMSU
082 #4 - NÚMERO DE CLASIFICACIÓN DECIMAL DE DEWEY
Classification number 808.5
Item number P438d 2015
Edition number 22
100 1# - ASIENTO PRINCIPAL -- NOMBRE PERSONAL
Nombre personal Pérez M., Diomarys A.
245 10 - MENCIÓN DE TITULO
Título Discurso ideológico e identidad dominicana. /
Mención de responsabilidad Diomarys A. Pérez M. : prólogo Gerardo Roa Ogando.
260 ## - PUBLICACIÓN, DISTRIBUCIÓN, ETC. (PIE DE IMPRENTA)
Lugar de publicación, distribución, etc Santo Domingo :
Nombre del editor, distribuidor, etc. Editora Búho,
Fecha de publicación, distribución, etc 2015.
300 ## - DESCRIPCIÓN FÍSICA
Extensión 354 p. ;
Dimensiones 23 cm.
505 ## - NOTA DE CONTENIDO
Texto normalizado de contenido Discurso ideológico 35 -- Identidad personal e identidad cultural 91 -- Discurso identitario de la República Dominicana 159 -- Dos ejemplos ideológicos: el discurso de los políticos dominicanos y el discurso educativo 239
590 ## - NOTA LOCAL
Texto de la nota local Inventariado, 2023/VM
650 #4 - ENCABEZAMIENTO DE MATERIA--TEMÁTICO
Término temático o nombre geográfico como elemento de entrada Oratoria dominicana
Subdivisión temática general Historia y crítica.
650 #4 - ENCABEZAMIENTO DE MATERIA--TEMÁTICO
Término temático o nombre geográfico como elemento de entrada Análisis del discurso
650 #4 - ENCABEZAMIENTO DE MATERIA--TEMÁTICO
Término temático o nombre geográfico como elemento de entrada Argumentación (Retórica)
650 #4 - ENCABEZAMIENTO DE MATERIA--TEMÁTICO
Término temático o nombre geográfico como elemento de entrada Identidad cultural
Subdivisión geográfica República Dominicana
700 1# - ASIENTO SECUNDARIO -- NOMBRE PERSONAL
Nombre personal Roa Ogando, Gerardo
Mención de responsabilidad prol.
910 ## - VALIDACIÓN
Validación VMateo V. Control de calidad. BPMSU
942 ## - ADDED ENTRY ELEMENTS (KOHA)
Source of classification or shelving scheme Dewey Decimal Classification
Koha item type Libros
Existencias
Withdrawn status Lost status Source of classification or shelving scheme Damaged status Not for loan Collection code Home library Current library Date acquired Total Checkouts Full call number Barcode Date last seen Price effective from Koha item type
    Dewey Decimal Classification     Colección Dominicana Biblioteca Pública Metropolitana Salomé Ureña Biblioteca Pública Metropolitana Salomé Ureña 07/26/2023   BPMSU CD 808.5 P438d 2015 BPMSU23070071 07/26/2023 07/26/2023 Libros